Economía y ambiente : (Registro nro. 8666)
[ vista simple ]
| 000 -CABECERA | |
|---|---|
| Campo de control | 00798nam a22002057a 4500 |
| 005 - FECHA Y HORA DE LA ULTIMA TRANSACCION | |
| Campo de control | 20140904081604.0 |
| 008 - ELEMENTOS DE LONGITUD FIJA—INFORMACION GENERAL | |
| Campo de control | 980713s1998 ck a r 00010dspa d |
| 020 ## - ISBN | |
| ISBN | 9589061966 |
| 041 0# - IDIOMA | |
| Código de idioma para texto/pista de sonido o título separado | Español |
| 082 04 - NUMERO DE CLASIFICACION DECIMAL DEWEY | |
| Número de clasificación | 333.72 |
| Número del ítem | R91e |
| 100 1# - ASIENTO PRINCIPAL--NOMBRE PERSONAL | |
| Nombre personal | Rudas-LLeras, Guillermo. |
| 245 10 - MENCION DE TITULO | |
| Título | Economía y ambiente : |
| Parte restante del título | instrumentos económicos, cuentas ambientales y análisis costo-beneficio / |
| Mención de responsabilidad | Guillermo Rudas. |
| 260 ## - PUBLICACION, DISTRIBUCION, ETC. (PIE DE IMPRENTA) | |
| Lugar de publicación, distribución, etc. | Bogotá |
| Nombre del editor, distribuidor, etc. | Fescol |
| -- | Cerec |
| -- | Pontificia Universidad Javeriana. Instituto de Estudios Rurales |
| Fecha de publicación, distribución, etc. | 1998. |
| 300 ## - DESCRIPCION FISICA | |
| Extensión | 219 p. |
| Otros detalles físicos | il. ; |
| Dimensiones | 24 cm. |
| 504 ## - NOTA DE BIBLIOGRAFIA, ETC. | |
| Nota de bibliografía | Incluye bibliografía. |
| 650 ## - ASIENTO SECUNDARIO DE MATERIA - TERMINO TEMATICO | |
| Término temático o nombre geográfico como elemento de entrada | Política ambiental |
| Subdivisión general | Aspectos económicos |
| Subdivisión geográfica | Colombia. |
| 650 ## - ASIENTO SECUNDARIO DE MATERIA - TERMINO TEMATICO | |
| Término temático o nombre geográfico como elemento de entrada | Conservación de los recursos naturales |
| Subdivisión geográfica | Colombia. |
| 650 #6 - ASIENTO SECUNDARIO DE MATERIA - TERMINO TEMATICO | |
| Término temático o nombre geográfico como elemento de entrada | Capa de ozono. |
| 942 ## - ELEMENTOS ADICIONALES (KOHA) | |
| Sistema de clasificación | Dewey Decimal Classification |
| Tipo de ítem | Libro |
| Withdrawn status | Lost status | Sistema de Clasificación | Damaged status | No para préstamo | Colección | Inventariado | Ubicación Permanente | Ubicación actual | Fecha de adquisición | Fuente de Valor | Valor | Total Checkouts | Número topográfico | Inventario / Código de Barras | Date last seen | Ejemplar | Price effective from | Forma de adquisición | Tipo de material |
|---|---|---|---|---|---|---|---|---|---|---|---|---|---|---|---|---|---|---|---|
| Dewey Decimal Classification | General | Inventariado 2017 | Bogotá | Bogotá | 04/09/2014 | 39000.00 | LB-333.72 R91e | 038309 | 04/09/2014 | Ej. 1 | 04/09/2014 | Libro | |||||||
| Dewey Decimal Classification | General | Inventariado 2017 | Sala Fabio Quevedo | Sala Fabio Quevedo | 14/01/1999 | Rudas, Guillermo | 39000.00 | LB-333.72 R91e | 001461 | 04/12/2012 | Ej. 2 | 04/12/2012 | Donación | Libro |